| 000 | 00553nam a2200181Ia 4500 | ||
|---|---|---|---|
| 008 | 151018s9999 xx 000 0 und d | ||
| 082 |
_bRBASDV22989 _a110 |
||
| 100 | _aके वि बेलसरे | ||
| 245 | _aप्रेमयोग | ||
| 250 | _b1 | ||
| 260 |
_bत्रिदल प्रकाशन मुंबई _c1987 |
||
| 300 | _a124 | ||
| 600 | _aके वि बेलसरे | ||
| 630 | _aप्रेमयोग | ||
| 700 | _aके वि बेलसरे | ||
| 730 | _aप्रेमयोग | ||
| 942 | _cBOOK | ||
| 999 |
_c1022653 _d1022650 |
||